=LDR 00000nam 2200000 4500 =001 INLIS000000000039613 =005 20130612145229 =008 ***********************************ind** =035 ##$$0010-061300000039613 =041 ##$$a ind =082 ##$$a 658.405 2 =090 ##$$a 658.405 2, Fow k =100 ##$$a FOWLER, Alan =245 ##$$a Keterampilan bernegosiasi, Alan fowler;Alih bahasa, Dra kentjanawati taniran M.a =260 ##$$a 1993 $b Jakarta =300 ##$$a 152 Hlm, 21 cm =650 ##$$a NEGOSIASI =700 ##$$a TANIRAN, Kentjanawati, Dra.Ma =850 ##$$a NBPNMAT =990 ##$$a 13671367 =990 ##$$a 21107050